LIBRARY & INFORMATION CENTRE, KCAET, TAVANUR

ONLINE PUBLIC ACCESS CATALOGUE (OPAC)

Environmental changes and natural disasters (Record no. 15452)

MARC details
000 -LEADER
fixed length control field 00389nam a22001457a 4500
003 - CONTROL NUMBER IDENTIFIER
control field OSt
008 - FIXED-LENGTH DATA ELEMENTS--GENERAL INFORMATION
fixed length control field 210914b ||||| |||| 00| 0 eng d
020 ## - INTERNATIONAL STANDARD BOOK NUMBER
ISBN 9788189422752
082 ## - DEWEY DECIMAL CLASSIFICATION NUMBER
Classification number 363.70954
Item number BAB/EN
100 ## - MAIN ENTRY--AUTHOR NAME
Personal name Babar,M D.
245 ## - TITLE STATEMENT
Title Environmental changes and natural disasters
260 ## - PUBLICATION, DISTRIBUTION, ETC. (IMPRINT)
Place of publication New delhi ;
Name of publisher New india publishing agency ,
Year of publication 2007.
300 ## - PHYSICAL DESCRIPTION
Number of Pages 330p.;
942 ## - ADDED ENTRY ELEMENTS (KOHA)
Koha item type Books
Holdings
Withdrawn status Lost status Damaged status Home library Current library Date acquired Cost, normal purchase price Full call number Accession Number Koha item type Shelving location
      KAUAET KAUAET 05/06/2018 2250.00 363.70954 BAB/EN 25735 Books  
      KAUAET KAUAET 07/09/2021 2250.00 363.70954 BAB/EN 26018 Books NAHEP-CAAST Project
free website counter